000 00345nam a2200145Ia 4500
008 230312s9999||||xx |||||||||||||| ||und||
020 _a8185617988
082 _a621.75
_bCHA-W
100 _aChapman, W.A.J.
245 0 _aWorkshop Technology
260 _bViva Books Private Ltd
_aIndia
546 _aEng.
650 _aEngineering
942 _cBK
999 _c6179
_d6179